Macroeconomics simplified : (Record no. 599069)
[ view plain ]
| 000 -LEADER | |
|---|---|
| fixed length control field | 00272nam a2200109Ia 4500 |
| 008 - FIXED-LENGTH DATA ELEMENTS--GENERAL INFORMATION | |
| fixed length control field | 230907s9999||||xx |||||||||||||| ||und|| |
| 082 ## - DEWEY DECIMAL CLASSIFICATION NUMBER | |
| Classification number | 339 |
| Author Mark | NAT |
| 100 ## - MAIN ENTRY--PERSONAL NAME | |
| Personal name | Nattrass, Nicoli. |
| 9 (RLIN) | 115653 |
| 245 #0 - TITLE STATEMENT | |
| Title | Macroeconomics simplified : |
| 300 ## - PHYSICAL DESCRIPTION | |
| Extent | xv, 203 pages ; |
| 942 ## - ADDED ENTRY ELEMENTS (KOHA) | |
| Koha item type | Book |
| Withdrawn status | Lost status | Damaged status | Not for loan | Permanent Location | Current Location | Date acquired | Total Checkouts | Full call number | Barcode | Date last seen | Price effective from | Koha item type |
|---|---|---|---|---|---|---|---|---|---|---|---|---|
| US-Pakistan Center for Advanced Studies in Energy (USPCAS-E) | US-Pakistan Center for Advanced Studies in Energy (USPCAS-E) | 08/17/2019 | 339 NAT | CAS-E0003168 | 09/12/2023 | 09/12/2023 | Book |
